Jornada Xarxa Local SITMUN
Publicado:
Barcelona :
Diputació de Barcelona. Àrea d'Infraestructures, Urbanisme i Habitatge. Oficina Tècnica de Cartografia i SIG Local ,
2005
Descripción Física:
26 p. : gràf. ; 29 cm
MARC
| LEADER | 00000nam a2200000Ia 4500 | ||
|---|---|---|---|
| 001 | 21649 | ||
| 008 | 160829s2005 xx 000 0 cat d | ||
| 080 | |a FU-42-4 | ||
| 245 | |a Jornada Xarxa Local SITMUN | ||
| 260 | |a Barcelona : |b Diputació de Barcelona. Àrea d'Infraestructures, Urbanisme i Habitatge. Oficina Tècnica de Cartografia i SIG Local, |c 2005 | ||
| 300 | |a 26 p. : |b gràf. ; |c 29 cm | ||
| 650 | |a Municipis |x Sistemes d'informació |9 45367 | ||
| 650 | 0 | |a Sistema d'informació territorial municipal (sitmun) |9 45368 | |
| 650 | 0 | |a Ordenació del territori |z Barcelona (Província) |9 45062 | |
| 710 | 2 | |a Barcelona (Catalunya : Província). |b Oficina Tècnica de Cartografia i SIG Local |9 51766 | |
| 901 | |a Arxiu | ||
| 942 | |n 1 | ||
| 952 | |0 0 |1 0 |4 0 |6 FU424 |7 1 |9 52546 |a Arxiu |b Arxiu |d 2016-12-01 |l 0 |o FU-42-4 |p 21649 |r 2016-12-01 00:00:00 |w 2016-12-01 |y ARXIU | ||
| 999 | |c 56395 |d 56395 | ||